LEADER 01475nam--2200397---450- 001 990003060550203316 005 20080204114241.0 035 $a000306055 035 $aUSA01000306055 035 $a(ALEPH)000306055USA01 035 $a000306055 100 $a20080204d2005----km-y0itay50------ba 101 $aita 102 $aIT 105 $a||||||||001yy 200 1 $a<> pergamene dell'archivio vescovile di Caiazzo$fa cura di Laura Esposito$gcoordinamento tecnico-scientifico di Carolina Belli 210 $aNapoli$c[Archivio di Stato di NApoli]$d2005 215 $av.$d26 cm 300 $aIn testa al front. : Archivio di Stato di Napoli - Diocesi di Alife-Caiazzo 327 1 $a : Regesti e trascrizioni : 1266-1285. - VIII, 303 p. - : Inventario analitico : 1007-1887. - XVI, 146 p. 517 $aRegesti e trascrizioni 517 $aInventario analitico 606 0 $aPergamene$xRegesti$xArchivi vescovili$yCaiazzo 606 0 $aBeni ecclesiastici$xInventari$yCaiazzo$zSec. 11.-19.$xDocumenti 676 $a333.3220945725 702 1$aESPOSITO,$bLaura 702 1$aBELLI,$bCarolina 801 0$aIT$bsalbc$gISBD 912 $a990003060550203316 951 $aI.3.C. 56/2$b195944 LM$cI.3.C.$d00066758 951 $aI.3.C. 56/3$b195945 LM$cI.3.C.$d00066757 959 $aBK 969 $aUMA 979 $aSENATORE$b90$c20080204$lUSA01$h1142 996 $aPergamene dell'archivio vescovile di Caiazzo$91022268 997 $aUNISA LEADER 00990nam0-22003371i-450 001 990000372520403321 005 20230519123043.0 010 $a0-07-032692-4 035 $a000037252 035 $aFED01000037252 035 $a(Aleph)000037252FED01 035 $a000037252 100 $a20020821d1994----km-y0itay50------ba 101 0 $aeng 105 $ay-------001yy 200 1 $aLabView graphical programming$epractical applications in instrumentation and control$fGary W. Johnson 210 $aNew York$cMcGraw-Hill$dc1994 215 $aXVIII, 522 p.$cill.$d24 cm 225 1 $aVisual technology series 676 $a006$v20 700 1$aJohnson,$bGary W.$021855 801 0$aIT$bUNINA$gRICA$2UNIMARC 901 $aBK 912 $a990000372520403321 952 $a04 013-321$bIRC 1965/L$fDINCH 952 $a00 L1257$b2410$fDETEC 952 $a006-JOH-1$b219/2023$fSC1 959 $aSC1 959 $aDINCH 996 $aLabView graphical programming$9127115 997 $aUNINA